| 000 | 00891cam a22002775a 4500 | ||
|---|---|---|---|
| 001 | 16111780 | ||
| 005 | 20150813120134.0 | ||
| 008 | 100227s2010 njua fr 001 0 eng | ||
| 010 | _a 2010286363 | ||
| 020 | _a0138150370 | ||
| 020 | _a9780138150372 | ||
| 040 |
_aDLC _cDLC _dDLC _dEG-ScBUE _beng |
||
| 050 | 0 | 0 | _b.D53 2010 |
| 082 | 0 | 4 |
_a003.83 _bDIS _222 |
| 245 | 0 | 0 |
_aDiscrete-Event System Simulation / _cJerry Banks ... [et al.]. |
| 250 | _a5th ed., International ed. | ||
| 260 |
_aUpper Saddle River ; _bPrentice Hall, _cc.2010. |
||
| 300 |
_a 640 p. : _bill. ; _c24 cm. |
||
| 500 | _aIndex : p. 625-640. | ||
| 590 | _adoaa mohamed | ||
| 650 | 0 |
_aSimulation methods. _921081 _2BUEsh |
|
| 651 | _2BUEsh | ||
| 700 | 1 |
_aBanks, Jerry. _921082 |
|
| 942 |
_2ddc _cNB |
||
| 999 |
_c14828 _d14828 |
||